Catálogo
 En Linea

Los peores enemigos de nuestros pueblos / (Registro nro. 24717)

Detalles MARC
000 -CABECERA
campo de control de longitud fija 00798nam a2200217 u 4500
001 - NÚMERO DE CONTROL
campo de control 000025224
005 - FECHA Y HORA DE LA ÚLTIMA TRANSACCIÓN
campo de control 20200930023636.0
008 - DATOS DE LONGITUD FIJA--INFORMACIÓN GENERAL
campo de control de longitud fija 110209s2000 ck a r 000 | spa d
040 ## - FUENTE DE LA CATALOGACIÓN
Centro catalogador/agencia de origen DO-SdBNP
Lengua de catalogación spa
Centro/agencia transcriptor BNPHU
041 17 - CÓDIGO DE LENGUA
Código de lengua del texto/banda sonora o título independiente spa
Código de lengua original fre
Fuente del código Código de idiomas MARC
082 ## - NÚMERO DE LA CLASIFICACIÓN DECIMAL DEWEY
Número de clasificación xxx
Número de documento/Ítem B791p
049 ## - FONDOS LOCALES (OCLC)
Fondos de biblioteca BNGR
100 1# - ENTRADA PRINCIPAL--NOMBRE DE PERSONA
Nombre de persona Boyer, Jean
9 (RLIN) 51700
240 14 - TÍTULO UNIFORME
Título uniforme Les pires ennemis de nos peuples
Lenguaje de la obra Español
245 14 - MENCIÓN DE TÍTULO
Título Los peores enemigos de nuestros pueblos /
Mención de responsabilidad, etc. Jean Boyer; traducción Fernando Martínez.
260 ## - PUBLICACIÓN, DISTRIBUCIÓN, ETC.
Lugar de publicación, distribución, etc. Santafé Bogotá :
Nombre del editor, distribuidor, etc. La Roca,
Fecha de publicación, distribución, etc. 2000.
300 ## - DESCRIPCIÓN FÍSICA
Extensión 160 p. :
Otras características físicas il. ;
Dimensiones 21 cm.
534 ## - NOTA SOBRE LA VERSIÓN ORIGINAL
Encabezamiento principal del original Título del original francés :
Mención de título del original Les pires ennemis de nos peuples
500 ## - NOTA GENERAL
Nota general Incluye referencias bibliográficas y notas al pie de las páginas.
700 1# - PUNTO DE ACCESO ADICIONAL--NOMBRE DE PERSONA
Nombre de persona Martínez, Fernando,
Término indicativo de función/relación tr.
9 (RLIN) 51701
Existencias
Estado de retiro Estado de pérdida Restricciones de uso No para préstamo Código de colección Localización permanente Ubicación/localización actual Ubicación en estantería Fecha de adquisición Número de inventario Total de préstamos Signatura topográfica completa Código de barras Fecha visto por última vez Precio válido a partir de Tipo de ítem Koha
      Excluido de préstamo Monografías: Libros y Folletos General General En catalogación 11.02.2011 LF1   xxx B791p 25224-10 25.06.2020 25.06.2020 No se presta

Con tecnología Koha